Segni zodiacali - Statistics

Statistiche generali
  • Questo quiz è stato fatto 103 volte
  • Il punteggio medio è 10 su 12
Statistiche sulle risposte
con Immagini Risposta % Corretto
Ariete
93%
Pesci
90%
Sagittario
90%
Toro
90%
Bilancia
88%
Gemelli
88%
Leone
88%
Cancro
87%
Vergine
83%
Capricorno
80%
Aquario
75%
Scorpione
72%
Nessun quiz corrispondente trovato
Distribuzione punteggi
Percentuale di utenti per punteggio
Percentile per numero di risposta
I tuoi punteggi nel tempo
Non hai fatto questo quiz